| 000 | 00750nam a2200265Ia 4500 | ||
|---|---|---|---|
| 005 | 20251020182456.0 | ||
| 008 | 200515s9999 xx 000 0 und d | ||
| 020 | _a970-10-1021-3 | ||
| 082 | _a624.041/B31 | ||
| 100 | _aBeer, Ferdinand P. | ||
| 100 | _aJohnston, Russell E. Jr. | ||
| 245 | 0 | _aMecánica vectorial para ingenieros : Estática | |
| 250 | _a6a ed. | ||
| 260 | _aMéxico, D.F. | ||
| 260 | _bMcGraw-Hill | ||
| 260 | _c1997 | ||
| 300 | _a599 p. | ||
| 300 | _bil., tbl., graf. | ||
| 500 | _a1 ejemplar | ||
| 520 | _aContiene: mecánica, estática, cuerpos rígidos, análisis de estructura, fricción, método del trabajo virtual. | ||
| 650 | _aESTATICA | ||
| 650 | _aMECANICA VECTORIAL | ||
| 942 | _cLIB | ||
| 999 |
_c1003 _d1003 |
||